Memories of Vietnam : (Record no. 8037)

MARC details
000 -LEADER
fixed length control field 01080nam a22002297a 4500
001 - CONTROL NUMBER
control field 8037
003 - CONTROL NUMBER IDENTIFIER
control field FISKH
005 - DATE AND TIME OF LATEST TRANSACTION
control field 20250819120518.0
008 - FIXED-LENGTH DATA ELEMENTS--GENERAL INFORMATION
fixed length control field 250819b cb ||||| |||| 00| 0 eng d
020 ## - INTERNATIONAL STANDARD BOOK NUMBER
International Standard Book Number 9780439598071
040 ## - CATALOGING SOURCE
Original cataloging agency FISKH
Language of cataloging eng
Transcribing agency FISKH
Modifying agency FISKH
082 ## - DEWEY DECIMAL CLASSIFICATION NUMBER
Classification number 959.704
100 ## - MAIN ENTRY--PERSONAL NAME
Personal name Weiss, Ellen
245 ## - TITLE STATEMENT
Title Memories of Vietnam :
Remainder of title war in the first person /
Statement of responsibility, etc. By Ellen Weiss
260 ## - PUBLICATION, DISTRIBUTION, ETC.
Place of publication, distribution, etc. New York :
Name of publisher, distributor, etc. New York ,
Date of publication, distribution, etc. 2003.
300 ## - PHYSICAL DESCRIPTION
Extent 63 pages :
Other physical details illustrations ;
Dimensions 20 cm.
520 ## - SUMMARY, ETC.
Summary, etc. The war was half a world away. But it nearly tore the United States apart. Over half a million U.S. soldiers were sent to fight in Vietnam. Vietnam was undergoing a long civil war. The North was fighting the South. Did Americans belong there? Lots of people had answers. But before you decide, consider what the people who were there had to say. They experienced the war up close and personal. Through their letters and memories, you will, too.".
650 ## - SUBJECT ADDED ENTRY--TOPICAL TERM
Topical term or geographic name entry element Vietnam
Form subdivision Non-fiction
700 ## - ADDED ENTRY--PERSONAL NAME
Personal name Williamson, Alex
Relator term Illustrator
942 ## - ADDED ENTRY ELEMENTS (KOHA)
Source of classification or shelving scheme Dewey Decimal Classification
Koha item type Books
Suppress in OPAC No
Holdings
Withdrawn status Lost status Source of classification or shelving scheme Damaged status Not for loan Home library Current library Shelving location Date acquired Total Checkouts Full call number Barcode Date last seen Price effective from Koha item type
    Dewey Decimal Classification     Footprints International School Library Network Toul Tom Poung Campus Footprints International School Library Network Toul Tom Poung Campus TTP Secondary Non-Fiction Bookshelves 08/19/2025   WEI 959.704 FISSE01451 08/19/2025 08/19/2025 Books